Yungblud and MGK - acting like that - All lyrics - Statistics

General Stats
  • This quiz has been taken 13 times
  • The average score is 340 of 389
Answer Stats
Answer % Correct
a
100%
acting
100%
Acting
100%
be
100%
don't
100%
hot
100%
I
100%
(I
100%
I'm
100%
like
100%
my
100%
now
100%
Now
100%
now)
100%
that
100%
that,
100%
That
100%
the
100%
to
100%
too
100%
way
100%
when
100%
When
100%
yeah)
100%
yeah
100%
(Yeah)
100%
Yeah
100%
you
100%
(You
100%
your
100%
You're
100%
you're
100%
And
91%
but
91%
doorstep
91%
got
91%
ignore
91%
in
91%
it
91%
it,
91%
LA
91%
La-la,
91%
la-la,
91%
la-la-la
91%
La-la-la
91%
more
91%
on
91%
out
91%
right
91%
(Right
91%
talk
91%
wanna
91%
at
82%
bullshit
82%
Cause
82%
gone)
82%
gone
82%
Heard
82%
heard
82%
house
82%
house)
82%
it's
82%
Libra,
82%
mind
82%
morning?
82%
morning)
82%
morning
82%
outside
82%
Taurus
82%
we
82%
Who's
82%
with
82%
all
73%
alone
73%
asleep
73%
(Asleep
73%
back
73%
been
73%
boring
73%
can
73%
change
73%
ex
73%
four
73%
(Four
73%
knockin'
73%
pouring
73%
pouring)
73%
side
73%
sleep,
73%
tonight,
73%
(Tonight,
73%
up
73%
can't
64%
gonna
64%
hooked
64%
is
64%
I've
64%
left,
64%
me
64%
Never
64%
rain,
64%
see
64%
since
64%
(Since
64%
So
64%
Ayy,
55%
eyes
55%
eyes,
55%
look
55%
middle?
55%
plane
55%
somewhere
55%
think
55%
today,
55%
today
55%
Uh,
55%
again
45%
another
45%
are
45%
bright
45%
know
45%
last
45%
love
45%
meet
45%
this
45%
what
45%
fell
36%
state
36%
time
36%
was
36%
you'll
36%
bit)
18%
dark
18%
okay
18%
reaped
18%
regret
18%
sowed
18%
going
9%
head
9%
lights
9%
hit
0%
No matching quizzes found
Score Distribution
Percent of People with Each Score
Percentile by Number Answered
Your Score History
You have not taken this quiz